| 000 | 00860cam a2200265 4500 | ||
|---|---|---|---|
| 008 | 090401t1998 xxu||||| |||| 00| 0 eng d | ||
| 020 | _a0419238409 | ||
| 035 | _a(Sirsi) u87421 | ||
| 041 | _aeng | ||
| 050 | _a693.97 | ||
| 245 | _aOpen and industrialised building. | ||
| 260 |
_aLondon _bE & F N Spon _c1998 |
||
| 300 | _aix,228p. : ill. ; 24cm. | ||
| 350 | _a50 | ||
| 520 | _aReport of CIB Working Commission W24, which analyses the current status and state of the art of industrialisation in building in different regions of the world. | ||
| 650 | _aDENMARK | ||
| 650 | _aINDUSTRIALISED BUILDINGS | ||
| 650 | _aJAPAN | ||
| 650 | _aOPEN BUILDING | ||
| 690 | _aBUILT ENVIRONMENT | ||
| 700 |
_aSarja, A. _xEditor |
||
| 710 |
_aInternational Council for Building Research Studies and Documentation _91423 |
||
| 942 | _n0 | ||
| 948 | _c16/07/1998 | ||
| 999 |
_c97237 _d97237 |
||